Fotografia digital (Registo nº 72972)

Detalhes MARC
000 -Etiqueta do registo
campo de controlo de comprimento fixo 00661nam a2200241 4500
001 - Identificador do registo
Campo de controlo 72972
005 - Identificador da versão
Campo de controlo 20260512143355.0
010 ## - ISBN
Número (ISBN) 9789724750545
100 ## - Dados Gerais de Proc.
Dados gerais de processamento 20260512d2017 m||y0pory50030103ba
101 1# - Língua da publicação
Língua do texto, banda sonora, etc. Português
102 ## - País de Publicação
País de publicação Portugal
200 1# - Título
Título próprio Fotografia digital
Informação de outro título curso completo
Primeira menção de responsabilidade David Taylor... [et al.]
Outras menções de responsabilidade trad. Luís Santos
205 ## - Menção da edição
Menção da edição 2<U+00AA> ed
210 #9 - Publicação, Distribuição
Lugar da edição, distribuição, etc. Lisboa
Nome do editor, distribuidor, etc. Texto
Data da publicação, distribuição, etc. 2017
215 ## - Descrição física
Descrição física 360 p
Outras indicações físicas il.
304 ## - Título e responsabilidade
Texto da nota Tít. orig.: Digital photography
675 ## - CDU
Notação 77.02(083.1)
Edição BN
Língua da edição Português
675 ## - CDU
Notação 004.91(083.1)
Edição BN
Língua da edição Português
701 #1 - Co-responsabilidade principal
Palavra de ordem Taylor,
Outra parte do nome David
Código de função Autor
702 ## - Responsabilidade secundária
Palavra de ordem Santos
Outra parte do nome Luís
Koha Internal Code 41274
Código de função Tradutor
801 #0 - Fonte de origem
País Portugal
Agência BN
Regras de catalogação RPC
090 ## - Números de controlo do sistema (Koha)
Número biblioitem do Koha (gerado automaticamente) 72972
942 ## - Elementos de entrada adicionados (Koha)
Tipo de item no Koha Monografias
Suprimido Disponível no OPAC
Exemplares
Removido (estado) Perdido (estado) Data de aquisição Origem do registo (biblioteca) (codificado) Código da organização que empresta ou é detentora (biblioteca) Código de barras Local Número de inventário Cota Tipo de circulação (não pode ser emprestado) Preço Tipo de item e material
Disponível Disponível 2024-10-03 Biblioteca Municipal Álvaro de Campos Biblioteca Municipal Álvaro de Campos BMTAV71690 Sala de Adultos 71690 N14 TAY Normal 24.00 Monografias